000 00648nam a2200181Ia 4500
008 090124s9999 xx 000 0 und d
082 _b30644
100 _aदेशपांडे व्यंकटराव
245 _a सत्वपरिक्षा
250 _a1
260 _b"राहूल प्रकाशन, भांडूप, मुंबई"
_c1992
300 _a178
600 _aदेशपांडे व्यंकटराव
630 _a सत्वपरिक्षा
700 _aदेशपांडे व्यंकटराव
730 _a सत्वपरिक्षा
942 _cBOOK
999 _c96007
_d96007